00885cam a22002414a 4500999001700000001000900017005001700026008004100043010001700084020001500101035002200116050002200138100002400160245006300184260004100247300004600288440003500334500002600369504005200395650005800447942001500505952012300520 c21017d210171356299320170120161706.0040419s2004 paua bc 000 0 eng  a 2004105859 a0764321048 a(DLC) 200410585900aNK8475.L3H84 20041 aHulsebus, Marjorie.10aMiniature lamps of the Victorian era /cMarjorie Hulsebus. aAtglen, PA :bSchiffer Pub.,cc2004. a255, [1] p. :bill. (some col.) ;c24 cm. 2aA Schiffer book for collectors a"With prices"--Cover. aIncludes bibliographical references (p. [256]). 0aMiniature lampsxCollectors and collectingvCatalogs. 2lcccBOOKS 00102lcc4070aMUCbMUCcTECHd2017-01-20eDonation(BFA)l0oNK8475.L3H84 2004p31039r2018-08-07w2017-01-20yBOOKS